मानव-दर्पण / (Record no. 29095)

MARC details
000 -LEADER
fixed length control field 01298nam a22002777a 4500
005 - DATE AND TIME OF LATEST TRANSACTION
control field 20090811112230.0
008 - FIXED-LENGTH DATA ELEMENTS--GENERAL INFORMATION
fixed length control field 090807t xxu||||| |||| 00| 0 hin d
010 ## - LCCN (DPL NO)
LC control number HIN-87718
020 ## - INTERNATIONAL STANDARD BOOK NUMBER
International Standard Book Number 9788189264516
Terms of availability 220.00
035 ## - SYSTEM CONTROL NUMBER
System control number HN-60064
037 ## - SOURCE OF ACQUISITION
Source of stock number/acquisition DBAD / PUB
040 ## - CATALOGING SOURCE
Original cataloging agency dpl
Language of cataloging hn
082 ## - DEWEY DECIMAL CLASSIFICATION NUMBER
Classification number 230.3
100 ## - MAIN ENTRY--PERSONAL NAME
Personal name रघुवर नारायण सिंह
245 ## - TITLE STATEMENT
Title मानव-दर्पण /
Statement of responsibility, etc रघुवर नारायण सिंह; रमेश नीलकमल द्वारा संपादित
246 ## - VARYING FORM OF TITLE
Title proper/short title Manav-Darpan
Remainder of title by Raghubar Narayan Singh
250 ## - EDITION STATEMENT
Remainder of edition statement 2रा संस्क.
260 ## - PUBLICATION, DISTRIBUTION, ETC. (IMPRINT)
Place of publication, distribution, etc दिल्ली
Name of publisher, distributor, etc मीनाक्षी प्रकाशन
Date of publication, distribution, etc 2008
270 ## - ADDRESS
Address एम.बी. 32/2 बी, गली नं.2, शकरपुर
City दिल्ली
Postal code 110092
Telephone number 011-20098438
300 ## - PHYSICAL DESCRIPTION
Extent 207पृ.
Dimensions 22सेमी (सजिल्द)
650 ## - SUBJECT ADDED ENTRY--TOPICAL TERM
Topical term or geographic name as entry element अध्यात्मवाद
650 ## - SUBJECT ADDED ENTRY--TOPICAL TERM
Topical term or geographic name as entry element Spritualism
700 ## - ADDED ENTRY--PERSONAL NAME
Personal name रमेश नीलकमल
942 ## - ADDED ENTRY ELEMENTS (KOHA)
Source of classification or shelving scheme Dewey Decimal Classification
Item type Hindi Books
Call number suffix रघुव
Classification part 230.3
Holdings
Withdrawn status Lost status Source of classification or shelving scheme Damaged status Not for loan Home library Current library Date acquired Source of acquisition Cost, normal purchase price Total Checkouts Full call number Barcode Date last seen Copy number Cost, replacement price Koha item type
    Dewey Decimal Classification   Not For Loan D.B.Act.Division D.B.Act.Division 11/08/2009 DBAD / PUB 220.00   230.3 रघुव HN-60064 11/08/2009 1 220.00 Hindi Books

© Delhi Public Library
Hit Counter
free hit counter